000
00299nam a22001337a 4500
008
170601b xxu||||| |||| 00| 0 eng d
020
_a
9780072968880
041
_a
eng
080
_a
94
100
_a
17
101
_a
SHH
245
_a
INTRUDUCTION SOCIAL POLICY
_c
HUTTMAN.E.D
942
_2
udc
_c
BK
999
_c
15434
_d
15434